| 000 | 00398pab a2200157 454500 | ||
|---|---|---|---|
| 008 | 180718b1979 xxu||||| |||| 00| 0 eng d | ||
| 100 | _aSaxena, A.P. | ||
| 245 | _aManagement of agriculture: A project based approach | ||
| 260 | _c1979 | ||
| 300 | _ap.35-56. | ||
| 362 | _aJan-Mar | ||
| 650 | _aAgriculture | ||
| 773 | _aIndian Journal of Public Administration | ||
| 908 | _aN | ||
| 909 | _a88349 | ||
| 999 |
_c88349 _d88349 |
||